[Event "Col Ch "]
[Site "Ibague "]
[Date "2013.07.06"]
[Round "10.29"]
[White "Ruge, Edison"]
[Black "Torres, Jaime Alberto"]
[Result "1-0"]
[WhiteElo "2231"]
[BlackElo "2052"]
[PlyCount "73"]
[EventDate "2013.07.01"]
[EventType "swiss"]
[EventRounds "11"]
[EventCountry "COL"]
[SourceDate "2005.09.12"]

1. e4 c5 2. Nc3 Nc6 3. f4 e6 4. Nf3 Nf6 5. Bb5 Be7 6. Bxc6 bxc6 7. O-O c4 8.
Kh1 d5 9. e5 Nd7 10. Qe1 g6 11. b3 cxb3 12. axb3 c5 13. d4 Bb7 14. Ba3 a6 15.
Na4 Qc7 16. Qg3 Bc6 17. Nb2 Rc8 18. f5 exf5 19. Nd3 Bb5 20. Nf4 Bxf1 21. Nxd5
Bxg2+ 22. Kxg2 Qc6 23. c4 Bd8 24. Nf4 g5 25. e6 fxe6 26. Nxe6 g4 27. d5 Qb6 28.
Ne5 Bf6 29. Bb2 Qb8 30. Re1 Nxe5 31. Bxe5 Bxe5 32. Rxe5 Kd7 33. Qe3 Rhe8 34.
Rxf5 Re7 35. Nxc5+ Ke8 36. Ne6 Qa7 37. Rf8+ 1-0

[Event "Col Ch "]
[Site "Ibague "]
[Date "2013.07.06"]
[Round "10.31"]
[White "Nino, Juan Camilo"]
[Black "Munoz, Julian Andres"]
[Result "1/2-1/2"]
[WhiteElo "2093"]
[BlackElo "2207"]
[PlyCount "43"]
[EventDate "2013.07.01"]
[EventType "swiss"]
[EventRounds "11"]
[EventCountry "COL"]
[SourceDate "2005.09.12"]

1. e4 c5 2. Nf3 e6 3. d4 cxd4 4. Nxd4 a6 5. Nc3 Qc7 6. Bd3 Nf6 7. O-O b5 8. a3
Bb7 9. Qe2 Nc6 10. Nxc6 Qxc6 11. Bg5 Be7 12. f4 Bc5+ 13. Kh1 Bd4 14. Bxf6 gxf6
15. Nd5 Kf8 16. Nb4 Qb6 17. c3 Bc5 18. Qh5 Rg8 19. Rad1 f5 20. Qxh7 Rg6 21.
Qh8+ Ke7 22. Qh4+ 1/2-1/2

[Event "Col Ch "]
[Site "Ibague "]
[Date "2013.07.06"]
[Round "10.32"]
[White "Culma, Ruben"]
[Black "Martinez, Jorge Alexander"]
[Result "0-1"]
[WhiteElo "2029"]
[BlackElo "2189"]
[PlyCount "72"]
[EventDate "2013.07.01"]
[EventType "swiss"]
[EventRounds "11"]
[EventCountry "COL"]
[SourceDate "2005.09.12"]

1. d4 Nf6 2. c4 c5 3. d5 b5 4. cxb5 a6 5. bxa6 Bxa6 6. Nc3 d6 7. e4 Bxf1 8.
Kxf1 g6 9. g3 Bg7 10. Kg2 O-O 11. h3 Nbd7 12. Nge2 Qc7 13. Be3 Rfb8 14. Rb1 Rb7
15. Qc2 Rab8 16. b3 Qa5 17. f3 h5 18. a4 Nb6 19. Rhd1 Nfd7 20. f4 Qa8 21. Kh2
Rf8 22. g4 hxg4 23. hxg4 Nf6 24. Rg1 Qc8 25. f5 Nbd7 26. Bf4 Rb4 27. Qd3 c4 28.
Qh3 cxb3 29. Rg2 Nxe4 30. Nxe4 Rxe4 31. Rxb3 Qc2 32. Re3 Rxe3 33. Qxe3 Ne5 34.
Kg3 Qxa4 35. Kf2 Rb8 36. Rg3 Rb2 0-1

[Event "Col Ch "]
[Site "Ibague "]
[Date "2013.07.06"]
[Round "10.33"]
[White "Hernandez, Oscar Eduardo"]
[Black "Diaz, Jaime Walter"]
[Result "0-1"]
[WhiteElo "1970"]
[BlackElo "2175"]
[PlyCount "126"]
[EventDate "2013.07.01"]
[EventType "swiss"]
[EventRounds "11"]
[EventCountry "COL"]
[SourceDate "2005.09.12"]

1. e4 c5 2. c3 e6 3. d4 d5 4. exd5 Qxd5 5. Nf3 Nc6 6. Na3 Bd7 7. Be3 cxd4 8.
Nb5 Rc8 9. Nbxd4 Bc5 10. Nc2 Bxe3 11. Nxe3 Qc5 12. Nc4 Rc7 13. Nd6+ Ke7 14. Ne4
Qd5 15. Qxd5 exd5 16. Ng3 Nf6 17. Bd3 Re8 18. O-O Kf8 19. Rfe1 Be6 20. Re2 Rd8
21. Bf5 Bd7 22. Bxd7 Rcxd7 23. Nf5 Ne4 24. N5d4 Nxd4 25. Nxd4 a6 26. f3 Nc5 27.
Rd1 g6 28. Kf2 Rd6 29. Red2 Ke7 30. Ne2 Ne6 31. Ke3 f5 32. Nf4 Nc7 33. h4 h6
34. h5 g5 35. Ne2 f4+ 36. Kf2 Ne6 37. Nd4 Ng7 38. Rh1 Kf6 39. g4 fxg3+ 40. Kxg3
Re8 41. Kg4 Re5 42. Rhh2 Nf5 43. Nxf5 Rxf5 44. Rd4 Re6 45. Rhd2 Re1 46. Rxd5
Rg1+ 47. Kh3 Rxf3+ 48. Kh2 Re1 49. Rd6+ Re6 50. Rd7 g4 51. Rxb7 Kg5 52. c4 Kh4
53. c5 Rfe3 54. Rb3 g3+ 55. Kg2 Re2+ 56. Rxe2 Rxe2+ 57. Kf1 Re5 58. c6 Kh3 59.
c7 Re8 60. Rc3 Kh2 61. Rc2+ Kh1 62. c8=Q Rxc8 63. Rxc8 g2+ 0-1

[Event "Col Ch "]
[Site "Ibague "]
[Date "2013.07.06"]
[Round "10.34"]
[White "Lora, Joel Fernando"]
[Black "Bejarano, Dany Andres"]
[Result "0-1"]
[WhiteElo "2151"]
[BlackElo "2020"]
[PlyCount "59"]
[EventDate "2013.07.01"]
[EventType "swiss"]
[EventRounds "11"]
[EventCountry "COL"]
[SourceDate "2005.09.12"]

1. c4 Nf6 2. Nc3 e6 3. d4 Bb4 4. Qc2 c5 5. e3 O-O 6. a3 Bxc3+ 7. bxc3 d6 8. Bd3
Nc6 9. Ne2 e5 10. O-O Qe7 11. f3 b6 12. Bd2 Na5 13. Ng3 g6 14. f4 Ba6 15. e4
Nd7 16. Qa2 Rac8 17. Rac1 cxd4 18. cxd4 Nc6 19. fxe5 dxe5 20. Bb4 Nxb4 21. axb4
Bb7 22. Qxa7 Rc7 23. Qa3 exd4 24. Ne2 Bxe4 25. Nxd4 Bxd3 26. Qxd3 Qxb4 27. Rf2
Ne5 28. Qg3 Rxc4 29. Rcf1 Rxd4 30. Qxe5 0-1

[Event "Col Ch "]
[Site "Ibague "]
[Date "2013.07.06"]
[Round "10.35"]
[White "Botello, Gregory Paul"]
[Black "Hernandez, Cristian Andres"]
[Result "0-1"]
[WhiteElo "1940"]
[BlackElo "2113"]
[PlyCount "40"]
[EventDate "2013.07.01"]
[EventType "swiss"]
[EventRounds "11"]
[EventCountry "COL"]
[SourceDate "2005.09.12"]

1. d4 Nf6 2. Nc3 d5 3. Bg5 c5 4. e3 Nc6 5. Nf3 cxd4 6. Nxd4 e5 7. Nxc6 bxc6 8.
Be2 Be7 9. O-O O-O 10. Re1 Qa5 11. Bf3 Rb8 12. Rb1 Be6 13. a3 Rfd8 14. h3 e4
15. Bh5 d4 16. Nxe4 Nxe4 17. Bxe7 dxe3 18. Bxd8 exf2+ 19. Kh1 fxe1=Q+ 20. Qxe1
Qxe1+ 0-1

[Event "Col Ch "]
[Site "Ibague "]
[Date "2013.07.06"]
[Round "10.36"]
[White "Salcedo, Pablo Esteban"]
[Black "Gutierrez, Ramon"]
[Result "1-0"]
[WhiteElo "1869"]
[BlackElo "2207"]
[PlyCount "81"]
[EventDate "2013.07.01"]
[EventType "swiss"]
[EventRounds "11"]
[EventCountry "COL"]
[SourceDate "2005.09.12"]

1. d4 d5 2. c4 e6 3. Nc3 Nf6 4. Nf3 Be7 5. Bf4 O-O 6. e3 c5 7. dxc5 Na6 8. Be2
Nxc5 9. O-O b6 10. cxd5 exd5 11. Nd4 Bd6 12. Bxd6 Qxd6 13. Bf3 Ba6 14. Re1 Rac8
15. b4 Nce4 16. Bxe4 Rxc3 17. b5 dxe4 18. bxa6 Rd3 19. Qa4 Ng4 20. g3 Qh6 21.
h4 Qf6 22. Re2 Rd8 23. Rc1 Ne5 24. Rec2 Ng4 25. Qc6 Qxc6 26. Rxc6 h5 27. R6c3
Rd2 28. R1c2 Rd1+ 29. Kg2 Ne5 30. Rc7 R8xd4 31. exd4 Nf3 32. Rc1 Rd2 33. Rxa7
Rxa2 34. Ra8+ Kh7 35. a7 g5 36. hxg5 Nxg5 37. Rcc8 e3 38. Rh8+ Kg6 39. Rag8+
Kf6 40. Rxg5 Rxa7 41. Re5 1-0

[Event "Col Ch "]
[Site "Ibague "]
[Date "2013.07.06"]
[Round "10.38"]
[White "Acosta Cubides, Jorian Jared"]
[Black "Perez Pineda, Elkin Dario"]
[Result "0-1"]
[WhiteElo "1971"]
[BlackElo "2159"]
[PlyCount "98"]
[EventDate "2013.07.01"]
[EventType "swiss"]
[EventRounds "11"]
[EventCountry "COL"]
[SourceDate "2005.09.12"]

1. e4 e5 2. Nf3 Nc6 3. Bc4 Bc5 4. b4 Bxb4 5. c3 Ba5 6. d4 exd4 7. Qb3 Qe7 8.
O-O Nf6 9. e5 Nxe5 10. Nxe5 Qxe5 11. Bxf7+ Kd8 12. cxd4 Qf5 13. Na3 d5 14. Qg3
g6 15. Bg5 Ke7 16. Bxd5 Qxd5 17. Qe5+ Qxe5 18. dxe5 Kf7 19. Bxf6 Re8 20. Nc4
Bb4 21. Rab1 a5 22. a3 Bc5 23. Rfc1 b6 24. Nd2 Bf5 25. Rb3 a4 26. Rf3 Ra5 27.
h3 h5 28. Nc4 Rb5 29. Ne3 Ke6 30. g4 hxg4 31. hxg4 Be4 32. Rf4 Bb7 33. Rxa4 Rb3
34. Ra7 Rb8 35. Kf1 c6 36. Nc4 Rf3 37. Rc2 Bc8 38. Nb2 Kd5 39. Rd2+ Bd4 40. Kg2
Bxg4 41. Rxd4+ Kxd4 42. Ra4+ Kd5 43. Rxg4 Rxa3 44. Rxg6 c5 45. Be7 b5 46. Rd6+
Ke4 47. Rd2 Rg8+ 48. Kh2 Ra7 49. Re2+ Kf5 0-1

[Event "Col Ch "]
[Site "Ibague "]
[Date "2013.07.06"]
[Round "10.39"]
[White "Buitrago, Juan Carlos"]
[Black "Vasquez, Nuremberg Ad"]
[Result "1-0"]
[WhiteElo "2124"]
[BlackElo "2002"]
[PlyCount "157"]
[EventDate "2013.07.01"]
[EventType "swiss"]
[EventRounds "11"]
[EventCountry "COL"]
[SourceDate "2005.09.12"]

1. d4 Nf6 2. c4 c5 3. d5 b5 4. cxb5 a6 5. bxa6 g6 6. Nc3 Bxa6 7. e4 Bxf1 8.
Kxf1 d6 9. g3 Nbd7 10. Nf3 Bg7 11. Kg2 O-O 12. Re1 Qb6 13. h3 Rfb8 14. Re2 Ne8
15. Rc2 Nc7 16. Qe2 Na6 17. Bf4 f6 18. h4 h6 19. h5 g5 20. Be3 Qb4 21. Nd2 Qa5
22. Nc4 Qd8 23. g4 Qc8 24. f3 Rb4 25. Nd1 Nc7 26. Bd2 Rb7 27. Na5 Rb6 28. Nc6
Kf8 29. Ne3 Rxc6 30. dxc6 Ne5 31. Nf5 Nxc6 32. b4 Ne6 33. Qf2 Ne5 34. Qf1 Ra3
35. Rc3 Qa8 36. Qc1 Rxa2 37. Rxa2 Qxa2 38. Qc2 Qa6 39. Be3 c4 40. Nd4 Nc7 41.
Qb2 f5 42. b5 Qb7 43. Nxf5 Nd3 44. Qd2 Bxc3 45. Qxc3 Ne5 46. b6 Ne6 47. Qa5 Nf7
48. Qa7 Ned8 49. Qxb7 Nxb7 50. f4 e6 51. Nd4 e5 52. fxe5 dxe5 53. Ne6+ Ke7 54.
Nc5 Nfd8 55. Nxb7 Nxb7 56. Kf3 Kd7 57. Bd2 Nd6 58. Bb4 Nf7 59. Ke3 Kc6 60. Kd2
Kxb6 61. Kc3 Kb5 62. Bf8 Kb6 63. Kxc4 Kc6 64. Kb4 Kb6 65. Ka4 Ka6 66. Kb4 Kb6
67. Kc4 Kc6 68. Ba3 Nh8 69. Bb4 Nf7 70. Bf8 Kd7 71. Kd5 Ke8 72. Bg7 Ke7 73.
Bxe5 Kf8 74. Bf6 Kg8 75. e5 Kf8 76. e6 Ke8 77. exf7+ Kxf7 78. Ke5 Kg8 79. Kf5
1-0

[Event "Col Ch "]
[Site "Ibague "]
[Date "2013.07.06"]
[Round "10.40"]
[White "Otalora, Carlos Eduardo"]
[Black "Aponte, Juan Camilo"]
[Result "0-1"]
[WhiteElo "2114"]
[BlackElo "1909"]
[PlyCount "70"]
[EventDate "2013.07.01"]
[EventType "swiss"]
[EventRounds "11"]
[EventCountry "COL"]
[SourceDate "2005.09.12"]

1. d4 d5 2. c4 dxc4 3. Nc3 a6 4. a4 Nc6 5. e3 Na5 6. Nf3 Bg4 7. Be2 Bxf3 8.
Bxf3 e6 9. O-O Nf6 10. e4 Nb3 11. Rb1 Nxd4 12. Be3 Nxf3+ 13. Qxf3 c6 14. Rfd1
Qc7 15. Ra1 Bb4 16. Na2 Ba5 17. Bc5 Qe5 18. Ba3 Bc7 19. g3 Nxe4 20. Re1 Nd2 21.
Qg4 Qf6 22. Kg2 O-O-O 23. Rad1 Bb6 24. Re2 h5 25. Qf4 Qxf4 26. gxf4 Nb3 27.
Rxd8+ Rxd8 28. Nc3 Nc1 29. Re5 Nd3 30. Re4 Nxf2 31. Rxc4 Ng4 32. Bc5 Bxc5 33.
Rxc5 Rd2+ 34. Kg3 Rxh2 35. b4 f5 0-1

[Event "Col Ch "]
[Site "Ibague "]
[Date "2013.07.06"]
[Round "10.42"]
[White "Corredor Rengifo, Luis Fernand"]
[Black "Suarez, Luis Humberto"]
[Result "1/2-1/2"]
[WhiteElo "1952"]
[BlackElo "2110"]
[PlyCount "45"]
[EventDate "2013.07.01"]
[EventType "swiss"]
[EventRounds "11"]
[EventCountry "COL"]
[SourceDate "2005.09.12"]

1. d4 Nf6 2. Nf3 e6 3. a3 b6 4. c4 Bb7 5. Nc3 d5 6. cxd5 exd5 7. Bg5 Be7 8.
Bxf6 Bxf6 9. e3 O-O 10. Bd3 Nd7 11. O-O Re8 12. Re1 Nf8 13. Rc1 Ne6 14. b4 c6
15. Qb3 Rc8 16. Rc2 Qd6 17. Rec1 Rc7 18. Ne2 Rec8 19. Ng3 g6 20. h3 Bg7 21. a4
f5 22. Bf1 Bf6 23. Ne2 1/2-1/2

[Event "Col Ch "]
[Site "Ibague "]
[Date "2013.07.06"]
[Round "10.44"]
[White "Escobar, Cesar"]
[Black "Gaviria, Andres Felipe"]
[Result "0-1"]
[WhiteElo "1742"]
[BlackElo "2077"]
[PlyCount "48"]
[EventDate "2013.07.01"]
[EventType "swiss"]
[EventRounds "11"]
[EventCountry "COL"]
[SourceDate "2005.09.12"]

1. e4 c6 2. d4 d5 3. Nc3 dxe4 4. Nxe4 Bf5 5. Ng3 Bg6 6. Nf3 Nd7 7. h4 h6 8. h5
Bh7 9. Bd3 Bxd3 10. Qxd3 Ngf6 11. Bf4 e6 12. O-O-O Be7 13. Kb1 O-O 14. Ne5 a5
15. Ne4 Nxe4 16. Qxe4 Nf6 17. Qf3 Qd5 18. Qe2 a4 19. f3 a3 20. b3 Rfd8 21. c4
Qa5 22. Rhe1 Bb4 23. Nxf7 Qf5+ 24. Qc2 Kxf7 0-1

[Event "Col Ch "]
[Site "Ibague "]
[Date "2013.07.06"]
[Round "10.46"]
[White "Andrade Truyol, Geiner Jose"]
[Black "Castaneda, Victor"]
[Result "0-1"]
[WhiteElo "2045"]
[BlackElo "1876"]
[PlyCount "164"]
[EventDate "2013.07.01"]
[EventType "swiss"]
[EventRounds "11"]
[EventCountry "COL"]
[SourceDate "2005.09.12"]

1. e4 c6 2. d4 d5 3. Nc3 dxe4 4. Nxe4 Nd7 5. Bd3 Ngf6 6. Ng5 h6 7. Ne6 Qb6 8.
Nxf8 Kxf8 9. Nf3 Qc7 10. O-O b6 11. Re1 e6 12. c4 Bb7 13. Bd2 Rd8 14. Qe2 g6
15. Rad1 Kg7 16. b4 c5 17. Bc3 cxb4 18. Bxb4 Qf4 19. Qe3 Qxe3 20. fxe3 Ne4 21.
Nd2 Nxd2 22. Rxd2 Rc8 23. Rc1 Nf6 24. Rdc2 Rhd8 25. h3 Nd7 26. Be2 Kg8 27. a4
Be4 28. Rb2 Nb8 29. Be7 Re8 30. Bd6 Nc6 31. Kf2 e5 32. dxe5 Nxe5 33. Rd2 Nd7
34. Bf4 Nc5 35. Rd6 Bf5 36. Rd4 h5 37. g4 Nb3 38. gxf5 Nxc1 39. fxg6 Nxe2 40.
gxf7+ Kxf7 41. Kxe2 Rcd8 42. Kd3 Ke6 43. Ke4 Kf6+ 44. Kd3 Rxd4+ 45. exd4 Kf5
46. Bd6 Ke6 47. Be5 Kf5 48. Bd6 Re1 49. Bb8 Re7 50. Bd6 Re8 51. Be5 Rg8 52. Bd6
Rg7 53. Be5 Rg1 54. Bb8 a6 55. Bc7 Rb1 56. h4 Ke6 57. Kc3 Kd7 58. Be5 a5 59. d5
Rb4 60. Bd4 Kc7 61. Be5+ Kb7 62. Bf4 Rxa4 63. Kd3 Kc8 64. Be3 Rb4 65. Kc3 Kb7
66. Bd4 Rb1 67. Kc2 Rh1 68. Bf6 Rh3 69. Be7 Re3 70. Bf6 Rf3 71. Be7 Kc8 72. Kb2
Kd7 73. Bg5 Kd6 74. Bd8 Kc5 75. d6 Rd3 76. Kc2 Rxd6 77. Be7 Kc6 78. Bxd6 Kxd6
79. Kc3 Kc5 80. Kb3 Kd4 81. c5 Kxc5 82. Ka4 Kd4 0-1

[Event "Col Ch "]
[Site "Ibague "]
[Date "2013.07.06"]
[Round "10.47"]
[White "Dominguez Rincon, Miller"]
[Black "Gomez, Jorge Leonardo"]
[Result "1/2-1/2"]
[WhiteElo "2035"]
[BlackElo "1838"]
[PlyCount "160"]
[EventDate "2013.07.01"]
[EventType "swiss"]
[EventRounds "11"]
[EventCountry "COL"]
[SourceDate "2005.09.12"]

1. e4 c6 2. d4 d5 3. exd5 cxd5 4. c4 Nf6 5. Nc3 g6 6. cxd5 Bg7 7. Bc4 b6 8.
Bb5+ Bd7 9. Bc4 O-O 10. Nge2 Bc8 11. O-O Na6 12. Qb3 Nc7 13. Be3 Bb7 14. Nf4
Qd6 15. f3 Rad8 16. Ne4 Qd7 17. Nc5 bxc5 18. Qxb7 cxd4 19. Bxd4 Ncxd5 20. Qxd7
Rxd7 21. Ne2 Nb6 22. Bb3 Rc8 23. Rac1 Rdc7 24. Rxc7 Rxc7 25. Kf2 e6 26. Ke3
Nfd5+ 27. Ke4 f5+ 28. Kd3 Nb4+ 29. Kd2 Nc4+ 30. Bxc4 Rxc4 31. Bxg7 Kxg7 32. Rc1
Rxc1 33. Nxc1 e5 34. g3 Kf6 35. a3 Nc6 36. Kd3 Ke6 37. Kc4 Kd6 38. Ne2 g5 39.
Nc3 a6 40. Ne2 h5 41. h3 g4 42. hxg4 fxg4 43. fxg4 hxg4 44. b4 Ne7 45. Nc3 Nf5
46. Ne4+ Kc6 47. Kd3 Kb5 48. Nc3+ Kc6 49. Ne2 Kb5 50. Nc3+ Kc6 51. Ne4 Kb5 52.
Nc3+ Kc6 53. Ne2 Kd5 54. a4 e4+ 55. Kc3 Ne3 56. Nf4+ Ke5 57. Ne2 Kd5 58. Nf4+
Ke5 59. a5 Nd5+ 60. Kc4 Nxf4 61. gxf4+ Kxf4 62. b5 axb5+ 63. Kxb5 e3 64. a6 e2
65. a7 e1=Q 66. a8=Q Qb1+ 67. Kc5 Qc2+ 68. Kb5 Qb3+ 69. Kc5 Qc3+ 70. Kb5 Qe5+
71. Kb6 Qd6+ 72. Kb5 Qe5+ 73. Kb6 g3 74. Qf8+ Ke3 75. Qa3+ Kf2 76. Qa2+ Kg1 77.
Qb1+ Kg2 78. Qc2+ Kh3 79. Qh7+ Kg2 80. Qc2+ Kg1 1/2-1/2

[Event "Col Ch "]
[Site "Ibague "]
[Date "2013.07.06"]
[Round "10.48"]
[White "Rico, Oswaldo"]
[Black "Valdeblanquez, Jeiner Jair"]
[Result "1/2-1/2"]
[WhiteElo "2022"]
[BlackElo "1765"]
[PlyCount "76"]
[EventDate "2013.07.01"]
[EventType "swiss"]
[EventRounds "11"]
[EventCountry "COL"]
[SourceDate "2005.09.12"]

1. e4 d5 2. exd5 Nf6 3. d4 Nxd5 4. c4 Nb6 5. Nc3 g6 6. Be3 Bg7 7. Rc1 Nc6 8. d5
Ne5 9. b3 c6 10. dxc6 Qxd1+ 11. Nxd1 Nxc6 12. Nf3 Bg4 13. Be2 O-O 14. O-O Rfd8
15. Nc3 Nd7 16. h3 Bxf3 17. Bxf3 Nde5 18. Bxc6 Nxc6 19. Ne2 Nd4 20. Nxd4 Bxd4
21. Bxd4 Rxd4 22. Rfd1 Rad8 23. Rxd4 Rxd4 24. Rc2 Rd1+ 25. Kh2 Kg7 26. c5 Kf6
27. c6 bxc6 28. Rxc6+ Rd6 29. Rc2 e5 30. f3 Ke6 31. Kg3 f5 32. Kf2 f4 33. Ke2
Kf5 34. Rc5 Ra6 35. Rc2 Rd6 36. b4 Ra6 37. Kd3 Rd6+ 38. Ke2 Ra6 1/2-1/2

[Event "Col Ch "]
[Site "Ibague "]
[Date "2013.07.06"]
[Round "10.49"]
[White "Huertas Botache, Alvaro Eduard"]
[Black "Cespedes, Jaime"]
[Result "1/2-1/2"]
[WhiteElo "1833"]
[BlackElo "2138"]
[PlyCount "29"]
[EventDate "2013.07.01"]
[EventType "swiss"]
[EventRounds "11"]
[EventCountry "COL"]
[SourceDate "2005.09.12"]

1. e4 e6 2. d4 d5 3. exd5 exd5 4. Bd3 Bd6 5. c3 Nf6 6. Nf3 h6 7. h3 O-O 8. O-O
c6 9. Re1 Be6 10. Be3 Nbd7 11. Nbd2 Rc8 12. b4 b6 13. a4 c5 14. dxc5 bxc5 15.
b5 1/2-1/2

[Event "Col Ch "]
[Site "Ibague "]
[Date "2013.07.06"]
[Round "10.50"]
[White "Guerrero Forero, Ricardo Alon"]
[Black "Latorre, Franklin Leandro"]
[Result "1-0"]
[WhiteElo "2208"]
[BlackElo "1927"]
[PlyCount "59"]
[EventDate "2013.07.01"]
[EventType "swiss"]
[EventRounds "11"]
[EventCountry "COL"]
[SourceDate "2005.09.12"]

1. e4 c6 2. d4 d5 3. Nc3 dxe4 4. Nxe4 Bf5 5. Ng3 Bg6 6. Nf3 Nd7 7. h4 h6 8. h5
Bh7 9. Bd3 Bxd3 10. Qxd3 Ngf6 11. Bd2 e6 12. O-O-O Be7 13. Ne4 Nxe4 14. Qxe4
Nf6 15. Qe2 O-O 16. g4 c5 17. g5 hxg5 18. Bxg5 Rc8 19. h6 g6 20. h7+ Nxh7 21.
Bxe7 Qxe7 22. Qe3 Qf6 23. dxc5 Rfd8 24. Rd6 b6 25. Rxd8+ Rxd8 26. c6 Rc8 27.
Ne5 Qf5 28. Qd4 Nf6 29. Nd7 Kg7 30. Nxf6 1-0

[Event "Col Ch "]
[Site "Ibague "]
[Date "2013.07.06"]
[Round "10.51"]
[White "Marin, Alejandro"]
[Black "Valdes, Nicolas"]
[Result "1-0"]
[WhiteElo "1923"]
[BlackElo "2095"]
[PlyCount "93"]
[EventDate "2013.07.01"]
[EventType "swiss"]
[EventRounds "11"]
[EventCountry "COL"]
[SourceDate "2005.09.12"]

1. e4 e5 2. Nf3 Nc6 3. Bb5 Nf6 4. O-O Nxe4 5. d4 Be7 6. dxe5 O-O 7. Nbd2 d5 8.
h3 Bc5 9. Nxe4 dxe4 10. Bxc6 bxc6 11. Qxd8 Rxd8 12. Nd2 e3 13. Ne4 exf2+ 14.
Nxf2 Ba6 15. Re1 h6 16. Be3 Bxe3 17. Rxe3 Rd5 18. Rae1 Re8 19. b3 Rd2 20. Rc3
Bb7 21. Rc5 f6 22. Nd3 fxe5 23. Rexe5 Rxe5 24. Nxe5 Rd5 25. Nd3 a5 26. Kf2 Kf8
27. Ke3 Ke7 28. c4 Rxc5 29. Nxc5 Bc8 30. Kf4 Kf6 31. Ne4+ Ke6 32. h4 g6 33. g3
h5 34. a3 Kf7 35. Ke5 Ke7 36. Ng5 Bb7 37. Ne6 Bc8 38. Nxc7 Bg4 39. Na6 Bd1 40.
Nc5 Bc2 41. b4 a4 42. b5 cxb5 43. cxb5 Kd8 44. Kd6 Bd1 45. b6 Kc8 46. Kc6 Bf3+
47. Kb5 1-0

[Event "Col Ch "]
[Site "Ibague "]
[Date "2013.07.06"]
[Round "10.52"]
[White "Osorio, Alejandro"]
[Black "Otero, Alvaro Junior"]
[Result "1/2-1/2"]
[WhiteElo "1883"]
[BlackElo "2018"]
[PlyCount "58"]
[EventDate "2013.07.01"]
[EventType "swiss"]
[EventRounds "11"]
[EventCountry "COL"]
[SourceDate "2005.09.12"]

1. d4 d5 2. c4 c6 3. Nc3 Nf6 4. e3 e6 5. Nf3 Nbd7 6. Bd3 Be7 7. O-O dxc4 8.
Bxc4 b5 9. Bd3 b4 10. Na4 c5 11. b3 O-O 12. Bb2 Bb7 13. dxc5 Nxc5 14. Nxc5 Bxc5
15. Qe2 Ne4 16. Rac1 Rc8 17. Ba6 Qb6 18. Bxb7 Qxb7 19. Ne5 Rfd8 20. Rfd1 Bd6
21. Rxc8 Rxc8 22. Nc4 Be7 23. Qf3 Rd8 24. Rxd8+ Bxd8 25. Bd4 a6 26. h3 h6 27.
Nd2 Nd6 28. Qxb7 Nxb7 29. Nc4 f6 1/2-1/2

[Event "Col Ch "]
[Site "Ibague "]
[Date "2013.07.06"]
[Round "10.53"]
[White "Corpus Vanegas, Jair Samir"]
[Black "Arias, Juan Diego"]
[Result "1-0"]
[WhiteElo "1881"]
[BlackElo "2016"]
[PlyCount "93"]
[EventDate "2013.07.01"]
[EventType "swiss"]
[EventRounds "11"]
[EventCountry "COL"]
[SourceDate "2005.09.12"]

1. e4 e6 2. d4 d5 3. Nc3 Bb4 4. Bd3 c5 5. a3 cxd4 6. axb4 dxc3 7. bxc3 dxe4 8.
Bxe4 Qxd1+ 9. Kxd1 Nf6 10. Bf3 Nbd7 11. Be3 a6 12. c4 O-O 13. Nh3 Ne5 14. Be2
Ne4 15. c5 Bd7 16. Kc1 Nc6 17. Bd3 Nc3 18. Kb2 Nd5 19. c3 e5 20. Ng5 f5 21. Bc4
Nce7 22. Rhd1 Bc6 23. Nf3 f4 24. Bc1 Rf5 25. b5 Bxb5 26. Bxd5+ Kf8 27. Bxb7 Rb8
28. Be4 Bd3+ 29. Ka3 Bxe4 30. Rd6 Bc6 31. c4 Rc8 32. Bb2 Bxf3 33. gxf3 Rxc5 34.
Kb4 Rc7 35. Raxa6 Rh5 36. h4 Kf7 37. Re6 Rf5 38. Bxe5 Rb7+ 39. Kc3 Ng6 40. Bd4
Nxh4 41. Reb6 Rd7 42. Rd6 Re7 43. c5 Nxf3 44. c6 Nxd4 45. Kxd4 Rb5 46. Ra8 Rc7
47. Rd7+ 1-0

[Event "Col Ch "]
[Site "Ibague "]
[Date "2013.07.06"]
[Round "10.54"]
[White "Martinez, Mauricio"]
[Black "Gamboa, Jose Pompilio"]
[Result "1-0"]
[WhiteElo "2010"]
[BlackElo "1778"]
[PlyCount "81"]
[EventDate "2013.07.01"]
[EventType "swiss"]
[EventRounds "11"]
[EventCountry "COL"]
[SourceDate "2005.09.12"]

1. e4 e5 2. Nf3 Nc6 3. d4 exd4 4. Bc4 Bc5 5. Ng5 Nh6 6. Qh5 Ne5 7. Nxf7 Bb4+ 8.
c3 Nhxf7 9. Bxf7+ Nxf7 10. cxb4 Qe7 11. O-O O-O 12. Qd5 Qxb4 13. Rd1 c5 14. b3
Qb5 15. Rxd4 d6 16. Rd1 Re8 17. Nc3 Qa6 18. Bf4 Be6 19. Qd2 Rad8 20. Nd5 Qc6
21. f3 b6 22. Rac1 Rd7 23. Qf2 Kh8 24. Qg3 Qb7 25. Rc2 Qb8 26. Rcd2 Rf8 27. h4
Qd8 28. Be3 b5 29. Nf4 Qe7 30. Bxc5 Rfd8 31. Bd4 Ne5 32. Nxe6 Qxe6 33. Bxe5
dxe5 34. Rxd7 Rxd7 35. Rxd7 Qxd7 36. Qxe5 h6 37. Kh2 a6 38. Qd5 Qxd5 39. exd5
Kg8 40. Kg3 Kf7 41. Kf4 1-0

[Event "Col Ch "]
[Site "Ibague "]
[Date "2013.07.06"]
[Round "10.55"]
[White "Cadavid, Juan Miguel"]
[Black "Zapata Arbelaez, Estiven"]
[Result "0-1"]
[WhiteElo "1862"]
[BlackElo "2001"]
[PlyCount "30"]
[EventDate "2013.07.01"]
[EventType "swiss"]
[EventRounds "11"]
[EventCountry "COL"]
[SourceDate "2005.09.12"]

1. e4 e5 2. Nf3 Nc6 3. d4 exd4 4. Nxd4 Bc5 5. Be3 Qf6 6. c3 Nge7 7. Bc4 Ne5 8.
Be2 Qg6 9. O-O d5 10. Nb5 Bh3 11. Bf3 dxe4 12. Nxc7+ Kf8 13. g3 Nxf3+ 14. Kh1
Bxe3 15. Nxa8 Bb6 0-1

[Event "Col Ch "]
[Site "Ibague "]
[Date "2013.07.06"]
[Round "10.56"]
[White "Ribero, Guillermo Andres"]
[Black "Valderrama Castano, Julian Cam"]
[Result "0-1"]
[WhiteElo "1761"]
[BlackElo "1978"]
[PlyCount "74"]
[EventDate "2013.07.01"]
[EventType "swiss"]
[EventRounds "11"]
[EventCountry "COL"]
[SourceDate "2005.09.12"]

1. e4 e6 2. d4 d5 3. Nd2 Nf6 4. e5 Nfd7 5. c3 c5 6. Ngf3 Nc6 7. Bd3 f6 8. Qc2
fxe5 9. Bxh7 Be7 10. Bg6+ Kf8 11. O-O e4 12. Nxe4 dxe4 13. Bxe4 Nf6 14. Bxc6
bxc6 15. dxc5 Qd5 16. b4 e5 17. Rd1 Qe6 18. Re1 e4 19. Ng5 Qd5 20. Nxe4 Qh5 (
20... Qe5 21. g3 Bf5 22. f3) 21. Bf4 Bf5 22. Nxf6 Bxf6 23. Bd6+ Kg8 24. Qb3+
Kh7 25. Re3 Rhe8 26. Rae1 Bg5 27. f4 Rxe3 28. Rxe3 Re8 29. Be5 Rxe5 30. Rxe5
Bxf4 31. Re1 Bxh2+ 32. Kf2 Qh4+ 33. Ke2 Bg4+ 34. Kd2 Bf4+ 35. Re3 Qf2+ 36. Kc1
Qxe3+ 37. Kb2 Qc1# 0-1

[Event "Col Ch "]
[Site "Ibague "]
[Date "2013.07.06"]
[Round "10.57"]
[White "Guzman, River"]
[Black "Agudelo, Oscar Marino"]
[Result "1-0"]
[WhiteElo "1972"]
[BlackElo "1739"]
[PlyCount "75"]
[EventDate "2013.07.01"]
[EventType "swiss"]
[EventRounds "11"]
[EventCountry "COL"]
[SourceDate "2005.09.12"]

1. e4 c5 2. Nf3 Nc6 3. d4 cxd4 4. Nxd4 e5 5. Nb5 d6 6. N1c3 a6 7. Na3 Nf6 8.
Bg5 Be7 9. Bxf6 Bxf6 10. Be2 Be6 11. O-O O-O 12. Nc4 Rc8 13. Ne3 Bg5 14. Ncd5
g6 15. Bf3 Ne7 16. c3 Bxe3 17. Nxe3 f5 18. Kh1 f4 19. Bg4 Qd7 20. Bxe6+ Qxe6
21. Nc2 f3 22. gxf3 Qh3 23. Rg1 Rxf3 24. Rg3 Rxg3 25. fxg3 Rf8 26. Qe2 d5 27.
exd5 Nxd5 28. Qg2 Qe6 29. Rd1 Nf6 30. Ne3 e4 31. b3 Qb6 32. Qd2 Qc6 33. Kg1 Qc5
34. Qd4 Qh5 35. Rf1 Qg5 36. Kg2 Ng4 37. Rxf8+ Kxf8 38. Qd6+ 1-0